LEADER 00938nam0-22002771i-450- 001 990004908130403321 005 19990530 035 $a000490813 035 $aFED01000490813 035 $a(Aleph)000490813FED01 035 $a000490813 100 $a19990530g19559999km-y0itay50------ba 101 0 $aita 105 $ay-------001yy 200 1 $a<>idèe Romantique de la Poèsie en Angleterre$eEtudes sur la thèorie de la poèsie chez Coleridge, Wordsworth, Keats et Shelley$fAlbert Gérard 210 $aParis$cLes Belles Lettres$d1955. 215 $a416 p.$d25 cm 225 1 $aBibliothèque de la FacultT de Philosophie et Lettres de l'Université de Liège$v136 700 1$aGerard,$bAlbert$0394482 801 0$aIT$bUNINA$gRICA$2UNIMARC 901 $aBK 912 $a990004908130403321 952 $aRN 6 4$bFil. Mod.$fFLFBC 959 $aFLFBC 996 $aIdèe Romantique de la Poèsie en Angleterre$9525279 997 $aUNINA LEADER 00911cam0 22002773 450 001 SOB008318 005 20201022083947.0 100 $a20040211d1985 |||||ita|0103 ba 101 $aita 102 $aIT 200 1 $aTintoretto$fTerisio Pignatti$gValcanover Francesco 210 $aMilano$cGarzanti$d1985 215 $a176 p.$cill.$d32 cm 225 2 $agrandi pittori 410 1$1001LAEC00017057$12001 $aI *grandi pittori 700 1$aPignatti$b, Terisio$3AF00004653$4070$037916 702 1$aVALCANOVER, Francesco$3AF00018757$4070 801 0$aIT$bUNISOB$c20201022$gRICA 850 $aUNISOB 852 $aUNISOB$j700|Coll|12|K$m78982 912 $aSOB008318 940 $aM 102 Monografia moderna SBN 941 $aM 957 $a700|Coll|12|K$b000036$gSI$d78982$rACQUISTO$1catenacci$2UNISOB$3UNISOB$420180518091436.0$520180518091445.0$6catenacci 996 $aTintoretto$91678501 997 $aUNISOB